| 000 | 01436nkm a2200301 i 4500 | ||
|---|---|---|---|
| 001 | 4230 | ||
| 003 | ES-MaACL | ||
| 005 | 20250713062951.0 | ||
| 007 | khrbo | ||
| 008 | 070703s1988 sp --- g |001||spa d | ||
| 100 | 0 |
_aAlfonso, _d1902-1990 _919858 |
|
| 245 | 1 | 0 |
_aHomenaje a la revista "Araucaria" de Chile en su 10º aniversario [ _hFotografía] _b: lectura de poesía joven chilena / _cAlfonso (sello). |
| 260 |
_a[S.l. : _bs.n.], _c1988. |
||
| 300 |
_a2 fot. : _bb. y n. ; _c12 x 18 cm. |
||
| 500 | _aDatos basados en invitación. | ||
| 511 | 0 | _aIntervienen: Guadalupe Ruiz-Giménez, Carlos Orellana, Carlos París, José Prat. | |
| 518 | _aActo organizado por la Sección Iberoamericana del Ateneo de Madrid, celebrado en el salón de actos el viernes, 26 de febrero de 1988, a las 20:00 h. | ||
| 600 | 1 | 4 |
_aRuiz-Giménez, Guadalupe. _9100818 |
| 600 | 1 | 4 |
_aOrellana, Carlos. _987223 |
| 600 | 1 | 7 |
_aParís, Carlos, _d1925-2014 _2embne _989133 |
| 600 | 1 | 4 |
_aPrat, José, _d1905-1994 _993665 |
| 610 | 2 | 4 |
_aAteneo de Madrid- _xActos culturales- _y1988- _vFotografías. _91903 |
| 710 | 2 |
_aAteneo de Madrid. _bSección Iberoamericana. _92012 |
|
| 852 |
_aES-MaACL _jFOT 44/1988 |
||
| 856 | 4 |
_uhttp://www.ateneodemadrid.net/biblioteca_digital/imagenes/1988/0044_01-1988.jpg _zVer imagen |
|
| 856 | 4 |
_uhttp://www.ateneodemadrid.net/biblioteca_digital/imagenes/1988/0044_02-1988.jpg _zVer imagen |
|
| 999 |
_c4230 _d4230 |
||